00735nam a22001937a 4500008004100000020001800041040001800059041000800077100003600085245008500121260005600206300005000262504004700312650003000359650002600389651003900415651003200454765005500486130821s xx a gr spa  a9788492355013 aCo-BoUCMbspa00aspa1 aPérez-Stable, Marifelid1949-13aLa revolución cubana orígenes, desarrollo y legadocMarifeli Pérez-Stable a[Lugar desconocido]bColibríc[fecha desconocida] a371 páginasbilustraciones, cuadros, tablas aIncluye bibliografía e índice general.04aComunismoxHistoriazCuba04aHistoria de América 4aCubaxHistoriayRevolución, 1933 4aCubaxPolítica y gobierno tThe Cuban revolution : origins, course, and legacy